[Event "ITA-chT GpA 55th"]
[Site "Vasto"]
[Date "2024.04.11"]
[Round "6.3"]
[White "Dvirnyy, Danyyil"]
[Black "Di Paolo, Raffaele"]
[Result "1-0"]
[WhiteElo "2480"]
[BlackElo "2290"]
[PlyCount "65"]
[EventDate "2024.04.08"]
[EventType "team-tourn"]
[EventRounds "7"]
[EventCountry "ITA"]
[SourceTitle "CB16_2024"]
[SourceDate "2024.04.17"]
[SourceVersion "1"]
[SourceVersionDate "2024.04.17"]
[SourceQuality "1"]
[WhiteTeam "Padova Obiettivo"]
[BlackTeam "Costa Smeralda"]
[WhiteTeamCountry "ITA"]
[BlackTeamCountry "ITA"]

1. e4 c5 2. Nf3 d6 3. d4 cxd4 4. Nxd4 Nf6 5. Nc3 a6 6. Bg5 e6 7. f4 Be7 8. Qf3 Qc7 9. 0-0-0 Nbd7 10. g4 b5 11. Bxf6 Nxf6 12. g5 Nd7 13. f5 Bxg5+ 14. Kb1 Ne5 15. Qh5 Qe7 16. Nxe6 Bxe6 17. fxe6 g6 18. exf7+ Kxf7 19. Qe2 Kg7 20. Nd5 Qd8 21. Qe1 Bh4 22. Qc3 Ra7 23. Bh3 Rf8 24. Rhf1 Raf7 25. Rxf7+ Rxf7 26. a3 Bf6 27. Nf4 Kh8 28. Ne6 Qb8 29. Rf1 Qb7 30. Qd4 h6 31. Rxf6 Rxf6 32. Qxd6 Nd7 33. Qe7 1-0

[Event "ITA-chT GpA 55th"]
[Site "Vasto"]
[Date "2024.04.10"]
[Round "4.3"]
[White "Dvirnyy, Danyyil"]
[Black "Godena, Michele"]
[Result "1/2-1/2"]
[WhiteElo "2480"]
[BlackElo "2429"]
[PlyCount "36"]
[EventDate "2024.04.08"]
[EventType "team-tourn"]
[EventRounds "7"]
[EventCountry "ITA"]
[SourceTitle "CB16_2024"]
[SourceDate "2024.04.17"]
[SourceVersion "1"]
[SourceVersionDate "2024.04.17"]
[SourceQuality "1"]
[WhiteTeam "Padova Obiettivo"]
[BlackTeam "Lazio Scacchi"]
[WhiteTeamCountry "ITA"]
[BlackTeamCountry "ITA"]

1. e4 e5 2. Nf3 Nc6 3. Bb5 a6 4. Ba4 Bc5 5. c3 Nge7 6. 0-0 Ba7 7. d4 Ng6 8. Bg5 f6 9. Be3 0-0 10. Nbd2 d6 11. Re1 Kh8 12. h3 Bd7 13. Nf1 Nce7 14. Bc2 exd4 15. Bxd4 Bxd4 16. cxd4 d5 17. Ng3 dxe4 18. Bxe4 Bc6 1/2-1/2

[Event "Vecindario Montalvo Memorial 16th"]
[Site "Vecindario"]
[Date "2024.03.29"]
[Round "7"]
[White "Dvirnyy, Danyyil"]
[Black "Van Zyl Rudd, Jack"]
[Result "1-0"]
[WhiteElo "2482"]
[BlackElo "2264"]
[PlyCount "73"]
[EventDate "2024.03.23"]
[EventType "swiss"]
[EventRounds "9"]
[EventCountry "ESP"]
[SourceTitle "CB15_2024"]
[SourceDate "2024.04.10"]
[SourceVersion "1"]
[SourceVersionDate "2024.04.10"]
[SourceQuality "1"]

1. Nf3 d5 2. d4 Nf6 3. c4 e6 4. Bg5 dxc4 5. Nc3 a6 6. a4 c5 7. e3 cxd4 8. Nxd4 Bd7 9. Bxc4 Nc6 10. 0-0 Be7 11. Nf3 0-0 12. e4 Rc8 13. Qe2 Qc7 14. Rad1 Rfd8 15. e5 Ng4 16. Bf4 Ncxe5 17. Ba2 Nxf3+ 18. Qxf3 Ne5 19. Qh5 g5 20. Bb1 f5 21. Bxg5 Be8 22. Qh4 Ng6 23. Qh5 Ne5 24. Qh4 Ng6 25. Qh6 Rxd1 26. Rxd1 Bf7 27. Bxe7 Qxe7 28. Qe3 Rd8 29. Re1 Qf6 30. Qb6 Rd7 31. Ba2 Re7 32. g3 Kg7 33. Qc5 e5 34. Bxf7 Rxf7 35. Rd1 h5 36. h4 Re7 37. Nd5 1-0

[Event "Vecindario Montalvo Memorial 16th"]
[Site "Vecindario"]
[Date "2024.03.25"]
[Round "3"]
[White "Dvirnyy, Danyyil"]
[Black "Loiacono, Leonardo"]
[Result "1-0"]
[WhiteElo "2482"]
[BlackElo "2316"]
[PlyCount "191"]
[EventDate "2024.03.23"]
[EventType "swiss"]
[EventRounds "9"]
[EventCountry "ESP"]
[SourceTitle "CB15_2024"]
[SourceDate "2024.04.10"]
[SourceVersion "1"]
[SourceVersionDate "2024.04.10"]
[SourceQuality "1"]

1. e4 e5 2. Nf3 Nc6 3. Bb5 g6 4. c3 a6 5. Bc4 Bg7 6. d4 b5 7. Be2 exd4 8. cxd4 d5 9. exd5 Qxd5 10. 0-0 Nge7 11. Nc3 Qd6 12. Ne4 Qd5 13. Bh6 0-0 14. Nc3 Qd6 15. Bxg7 Kxg7 16. d5 Nb4 17. Qd4+ f6 18. Ne4 Qxd5 19. Qxb4 Nc6 20. Qc5 Qxe4 21. Rfe1 Bb7 22. Bxb5 Qb4 23. Re7+ Kh8 24. Qxb4 Nxb4 25. Bc4 Rac8 26. Rc1 Nd5 27. Bxd5 Bxd5 28. b3 c5 29. Nd2 Rfd8 30. f3 f5 31. Kf2 a5 32. Rc2 a4 33. bxa4 Ra8 34. Nb3 Rxa4 35. Nxc5 Rc8 36. Re8+ Rxe8 37. Nxa4 Ra8 38. Nc3 Rc8 39. Rc1 f4 40. Ne2 Ra8 41. Nxf4 Rxa2+ 42. Ke3 Bf7 43. h4 Kg7 44. Rc5 h5 45. Rc6 Rb2 46. g3 Rb1 47. Rd6 Rb3+ 48. Rd3 Rb1 49. Rd6 Re1+ 50. Kf2 Re7 51. Rb6 Ra7 52. Nd3 Re7 53. Nc5 Re5 54. Ne4 Re7 55. Rd6 Be6 56. Rb6 Bd5 57. Nc3 Be6 58. Rc6 Bf5 59. Nd5 Re5 60. Rc7+ Kf8 61. Nf6 Re6 62. Nd5 Re5 63. Nf4 Kg8 64. Ra7 Kf8 65. g4 hxg4 66. fxg4 Bb1 67. Rb7 Be4 68. Rb3 Ra5 69. Ke3 Bc2 70. Rc3 Re5+ 71. Kd2 Bb1 72. Rb3 Re4 73. Nxg6+ Kg7 74. Rxb1 Rxg4 75. h5 Kh6 76. Rh1 Ra4 77. Ke3 Ra5 78. Nf4 Kg5 79. Rg1+ Kf5 80. Ne2 Kf6 81. Nf4 Kf5 82. Rd1 Kg5 83. Ke4 Ra6 84. Rd5+ Kg4 85. Ke5 Kg5 86. Ke4+ Kg4 87. Ng2 Ra4+ 88. Ke3 Ra3+ 89. Kf2 Ra2+ 90. Kg1 Ra3 91. Kf2 Ra2+ 92. Kf1 Ra1+ 93. Ne1 Ra7 94. Nc2 Rh7 95. Ne3+ Kh4 96. h6 1-0

[Event "ITA-ch 82nd"]
[Site "Brescia"]
[Date "2023.12.01"]
[Round "4"]
[White "Carnicelli, Valerio"]
[Black "Dvirnyy, Danyyil"]
[Result "1-0"]
[WhiteElo "2423"]
[BlackElo "2495"]
[PlyCount "109"]
[EventDate "2023.11.28"]
[EventType "tourn"]
[EventRounds "11"]
[EventCountry "ITA"]
[EventCategory "9"]
[SourceTitle "CB50_2023"]
[SourceDate "2023.12.13"]
[SourceVersion "1"]
[SourceVersionDate "2023.12.13"]
[SourceQuality "1"]

1. e4 e5 2. Nf3 Nc6 3. Bc4 Nf6 4. d3 d5 5. exd5 Nxd5 6. 0-0 Nb6 7. Bb5 Bd6 8. Re1 f6 9. a4 a6 10. Bxc6+ bxc6 11. Nbd2 c5 12. Ne4 0-0 13. b3 Bb7 14. Ba3 Nd7 15. Rb1 a5 16. Bb2 Rf7 17. Bc3 Nb8 18. Nfd2 Nc6 19. Nc4 Bf8 20. Qd2 Nb4 21. f3 Ra6 22. Qf2 Qd5 23. Re2 Bc8 24. Rbe1 h6 25. Kh1 Nc6 26. Re3 Nb4 27. Qd2 Qd8 28. R3e2 Kh7 29. Kg1 Kg8 30. Kh1 Kh7 31. f4 exf4 32. Qxf4 Nd5 33. Qd2 Nxc3 34. Qxc3 Qd4 35. Qd2 f5 36. Ne5 Re7 37. Ng3 Qh4 38. Qc3 Qf6 39. Nh5 Qe6 40. Nf4 Qd6 41. Nfg6 Re6 42. Nf7 Rxg6 43. Nxd6 Bxd6 44. Qc4 Bb7 45. Rf2 Ra8 46. Qb5 Rb8 47. Qxa5 Bc6 48. Qc3 Rb4 49. h3 Rg3 50. Re6 Rh4 51. Kg1 f4 52. Rxd6 cxd6 53. Kh2 g5 54. Qf6 Bxg2 55. Qf5+ 1-0

[Event "ITA-ch 82nd"]
[Site "Brescia"]
[Date "2023.11.30"]
[Round "3"]
[White "Dvirnyy, Danyyil"]
[Black "Moroni, Luca Jr"]
[Result "1/2-1/2"]
[WhiteElo "2495"]
[BlackElo "2587"]
[PlyCount "22"]
[EventDate "2023.11.28"]
[EventType "tourn"]
[EventRounds "11"]
[EventCountry "ITA"]
[EventCategory "9"]
[SourceTitle "CB50_2023"]
[SourceDate "2023.12.13"]
[SourceVersion "1"]
[SourceVersionDate "2023.12.13"]
[SourceQuality "1"]

1. Nf3 d5 2. g3 g6 3. Bg2 Bg7 4. d4 c6 5. 0-0 Nf6 6. c4 0-0 7. Nc3 Ne4 8. Qb3 b6 9. cxd5 Nxc3 10. bxc3 cxd5 11. Nd2 Bb7 1/2-1/2

[Event "La Giostra della Rocca"]
[Site "Monselice"]
[Date "2023.09.10"]
[Round "6"]
[White "Dvirnyy, Danyyil"]
[Black "Rossi, Carlo"]
[Result "1-0"]
[WhiteElo "2500"]
[BlackElo "2245"]
[PlyCount "91"]
[EventDate "2023.09.10"]
[EventType "tourn"]
[EventRounds "9"]
[EventCountry "ITA"]
[EventCategory "9"]
[SourceTitle "EXT 2024"]
[Source "ChessBase"]
[SourceDate "2023.10.10"]
[SourceVersion "1"]
[SourceVersionDate "2023.10.10"]
[SourceQuality "1"]

1. d4 Nc6 2. Nf3 d6 3. e4 Bg4 4. d5 Nb8 5. h3 Bh5 6. Nc3 e5 7. Be2 Nd7 8. Be3 Ngf6 9. Nd2 Bg6 10. g4 h5 11. g5 Ng8 12. Rg1 a6 13. a4 Ne7 14. a5 c5 15. Nc4 Nc8 16. h4 Na7 17. Na4 Bxe4 18. Bxh5 g6 19. Bg4 Bf5 20. Bxf5 gxf5 21. h5 f4 22. Bd2 Nb5 23. c3 Rg8 24. Nab6 Rb8 25. Qg4 Qe7 26. 0-0-0 Kd8 27. Bxf4 f6 28. Be3 fxg5 29. Nxd7 Qxd7 30. Bxg5+ Kc7 31. Qxd7+ Kxd7 32. f4 exf4 33. Bxf4 Be7 34. h6 Rbf8 35. Be3 Nc7 36. Nb6+ Kd8 37. Rdf1 Rxf1+ 38. Rxf1 Ne8 39. Kc2 Rg2+ 40. Rf2 Rg3 41. Bf4 Rh3 42. Nc4 Kd7 43. Nb6+ Kd8 44. Rh2 Rf3 45. h7 Bf6 46. Bg5 1-0

[Event "Titled Tuesday intern op 22nd Aug Early"]
[Site "Chess.com INT"]
[Date "2023.08.22"]
[Round "2"]
[White "Chyzy, Jakub"]
[Black "Dvirnyy, Danyyil"]
[Result "0-1"]
[WhiteElo "2267"]
[BlackElo "2521"]
[PlyCount "154"]
[EventDate "2023.08.22"]
[EventType "swiss (blitz)"]
[EventRounds "11"]
[EventCountry "USA"]
[SourceTitle "EXT 2024"]
[Source "ChessBase"]
[SourceDate "2023.10.10"]
[SourceVersion "1"]
[SourceVersionDate "2023.10.10"]
[SourceQuality "1"]

1. e4 g6 2. d4 Bg7 3. Nc3 d6 4. Be3 a6 5. f3 b5 6. Qd2 Nd7 7. 0-0-0 Bb7 8. Kb1 Rc8 9. h4 h5 10. Nh3 c5 11. dxc5 Nxc5 12. Bd4 Nf6 13. Ng5 Qc7 14. Nd5 Bxd5 15. exd5 0-0 16. g4 Ncd7 17. gxh5 Nxh5 18. Bxg7 Kxg7 19. Bh3 Rb8 20. Bxd7 Qxd7 21. Qd4+ Kg8 22. Rde1 Rfe8 23. Ne6 fxe6 24. dxe6 Qc6 25. Rhg1 Kh7 26. Rxg6 Rg8 27. Rg5 Rxg5 28. hxg5 Qxf3 29. Qa7 Re8 30. Qd7 Ng7 31. Qa7 Nxe6 32. g6+ Kg7 33. a4 Qf6 34. Qd7 Rd8 35. Qxe6 Qxe6 36. Rxe6 Rd7 37. a5 Kh6 38. c3 Kg7 39. Kc2 Rc7 40. Kd3 Kf8 41. Kd4 Rc4+ 42. Kd5 Rc5+ 43. Kd4 Rc4+ 44. Kd3 Rg4 45. b3 Ke8 46. c4 bxc4+ 47. bxc4 Kd7 48. Re2 Rxg6 49. Rb2 Rg5 50. Rb7+ Ke6 51. Ra7 Rxa5 52. Kd4 Ra3 53. c5 Ra4+ 54. Kc3 dxc5 55. Kb3 Ra5 56. Kc4 Kd6 57. Ra8 Ra4+ 58. Kb3 Rb4+ 59. Kc3 Rb6 60. Rd8+ Kc6 61. Re8 Rb7 62. Ra8 Kb5 63. Re8 a5 64. Ra8 a4 65. Rc8 e5 66. Re8 a3 67. Kb3 a2 68. Kxa2 Kc4 69. Rxe5 Kd4 70. Re8 Kc3 71. Re3+ Kd2 72. Re5 c4 73. Rd5+ Kc2 74. Ka3 c3 75. Rd6 Ra7+ 76. Kb4 Kb2 77. Rc6 c2 0-1

[Event "Titled Tuesday intern op 22nd Aug Early"]
[Site "Chess.com INT"]
[Date "2023.08.22"]
[Round "4"]
[White "Dvirnyy, Danyyil"]
[Black "Kevlishvili, Robby"]
[Result "1/2-1/2"]
[WhiteElo "2521"]
[BlackElo "2517"]
[PlyCount "208"]
[EventDate "2023.08.22"]
[EventType "swiss (blitz)"]
[EventRounds "11"]
[EventCountry "USA"]
[SourceTitle "EXT 2024"]
[Source "ChessBase"]
[SourceDate "2023.10.10"]
[SourceVersion "1"]
[SourceVersionDate "2023.10.10"]
[SourceQuality "1"]

1. d4 Nf6 2. c4 e6 3. Nc3 Bb4 4. Nf3 b6 5. g3 Bb7 6. Bg2 Bxc3+ 7. bxc3 0-0 8. 0-0 Nc6 9. c5 Na5 10. Bg5 h6 11. Bh4 Bxf3 12. Bxf6 Qxf6 13. Bxf3 Rac8 14. Qa4 d6 15. Rac1 dxc5 16. dxc5 Qe7 17. cxb6 cxb6 18. c4 Rc5 19. Rfd1 Rfc8 20. Rd7 Qg5 21. Qd1 Nxc4 22. Rxa7 Rd8 23. Qe1 Nd2 24. Rxc5 Qxc5 25. Kg2 Qc2 26. Rb7 Nxf3 27. exf3 Qxa2 28. Rxb6 Rd2 29. Rb8+ Kh7 30. Qe4+ g6 31. Qe3 Qc2 32. h4 h5 33. Qa7 Kg7 34. Rb7 Qf5 35. Qa1+ Kh7 36. Rb8 e5 37. Qa4 Rd3 38. Qa8 Qf6 39. Qe4 Rd4 40. Qe3 Rd6 41. Rb7 Re6 42. Qe4 Kg7 43. Rb8 Kh7 44. Qb4 Rd6 45. Rb7 Kg7 46. Qc5 Rd3 47. Rb8 Qxf3+ 48. Kh2 Qf6 49. Qf8+ Kh7 50. Qg8+ Kh6 51. Kg2 Qc6+ 52. Kh2 Qf6 53. Kg2 Rf3 54. Qh8+ Qxh8 55. Rxh8+ Kg7 56. Re8 Rf5 57. Re7 Kf6 58. Ra7 g5 59. Ra6+ Kg7 60. hxg5 Rxg5 61. Kh3 Rg6 62. Ra5 Re6 63. f3 Kg6 64. Kg2 f6 65. Ra8 Re7 66. Rg8+ Rg7 67. Ra8 Kf5 68. Ra4 Rc7 69. Kf2 Rc2+ 70. Kf1 Rc3 71. Kf2 Rc2+ 72. Kf1 Rh2 73. Kg1 Rd2 74. Kf1 Kg5 75. Rb4 f5 76. Rb8 f4 77. Rg8+ Kf5 78. Rf8+ Kg5 79. Rg8+ Kh6 80. gxf4 exf4 81. Kg1 Rb2 82. Kf1 Rb6 83. Kf2 Rg6 84. Rf8 Kg5 85. Rh8 Rg7 86. Kg2 Kh4+ 87. Kf2 Ra7 88. Rg8 Ra2+ 89. Kg1 Kh3 90. Rg7 h4 91. Rg6 Ra1+ 92. Kf2 Ra2+ 93. Kf1 Rb2 94. Rg7 Kh2 95. Rg6 Rb1+ 96. Kf2 h3 97. Rg4 Rb2+ 98. Kf1 Rg2 99. Rxf4 Kg3 100. Rg4+ Kh2 101. Rh4 Kg3 102. Rg4+ Kxf3 103. Rxg2 hxg2+ 104. Kg1 Kg3 1/2-1/2

[Event "Speed Chess Q1 Sw"]
[Site "Chess.com INT"]
[Date "2023.08.21"]
[Round "1"]
[White "Dvirnyy, Danyyil"]
[Black "Ovezdurdiyeva, Jemal"]
[Result "1-0"]
[WhiteElo "2521"]
[BlackElo "2057"]
[PlyCount "111"]
[EventDate "2023.08.21"]
[EventType "k.o. (blitz)"]
[EventRounds "14"]
[EventCountry "USA"]
[SourceTitle "CBM 215 Extra"]
[Source "ChessBase"]
[SourceDate "2023.09.30"]
[SourceVersion "1"]
[SourceVersionDate "2023.09.30"]
[SourceQuality "1"]

1. Nf3 Nf6 2. g3 c6 3. Bg2 d5 4. c4 g6 5. b3 Bg7 6. Bb2 0-0 7. 0-0 Be6 8. d3 Qc8 9. Re1 Bh3 10. Bh1 h6 11. Nbd2 Qf5 12. b4 Nbd7 13. a4 e5 14. e4 dxe4 15. dxe4 Qe6 16. Qc2 Ng4 17. a5 f5 18. exf5 Rxf5 19. Nd4 Qf7 20. Nxf5 gxf5 21. Nf3 Rf8 22. Nh4 f4 23. Be4 fxg3 24. fxg3 Qf2+ 25. Qxf2 Rxf2 26. Bc3 Ndf6 27. Bg2 Bxg2 28. Nxg2 Rf3 29. Bd2 e4 30. Nh4 Rd3 31. Bf4 Nh5 32. Rad1 Nxf4 33. gxf4 Bd4+ 34. Kg2 Ne3+ 35. Rxe3 Bxe3 36. Re1 Rd2+ 37. Kh3 Rd3 38. Kg4 Bd2 39. Rxe4 Bxb4 40. Kh5 Rh3 41. Kg4 Rxh2 42. a6 bxa6 43. Re6 Kg7 44. Rxc6 a5 45. Nf5+ Kh7 46. Ra6 Rg2+ 47. Kf3 Rc2 48. Rxh6+ Kg8 49. Ra6 Rxc4 50. Nh6+ Kh7 51. Ng4 Bd2 52. Nf6+ Kh8 53. Ne4 a4 54. Nxd2 Rd4 55. Ne4 Rd3+ 56. Kg4 1-0

[Event "Titled Tuesday intern op 01st Aug Early"]
[Site "Chess.com INT"]
[Date "2023.08.01"]
[Round "5"]
[White "Dvirnyy, Danyyil"]
[Black "Ovetchkin, Roman"]
[Result "1-0"]
[WhiteElo "2521"]
[BlackElo "2518"]
[PlyCount "49"]
[EventDate "2023.08.01"]
[EventType "swiss (blitz)"]
[EventRounds "11"]
[EventCountry "USA"]
[SourceTitle "EXT 2024"]
[Source "ChessBase"]
[SourceDate "2023.10.10"]
[SourceVersion "1"]
[SourceVersionDate "2023.10.10"]
[SourceQuality "1"]

1. Nf3 d5 2. g3 Bg4 3. Bg2 Nd7 4. d4 c6 5. h3 Bh5 6. 0-0 e6 7. Nbd2 Ngf6 8. Re1 Be7 9. e4 0-0 10. c3 Qb8 11. a4 a5 12. Qb3 Bg6 13. exd5 cxd5 14. Bf1 Bd6 15. Qd1 Ne4 16. Nxe4 Bxe4 17. Ng5 Bxg3 18. Nxe4 Bh2+ 19. Kh1 dxe4 20. Rxe4 Nf6 21. Rh4 Bd6 22. Bd3 g6 23. Qf3 Qd8 24. Bg5 Be7 25. Rg1 1-0

[Event "Titled Tuesday intern op 25th Jul Early"]
[Site "Chess.com INT"]
[Date "2023.07.25"]
[Round "2"]
[White "Dvirnyy, Danyyil"]
[Black "Devaev, Alexander"]
[Result "1-0"]
[WhiteElo "2521"]
[BlackElo "2325"]
[PlyCount "75"]
[EventDate "2023.07.25"]
[EventType "swiss (blitz)"]
[EventRounds "11"]
[EventCountry "USA"]
[SourceTitle "EXT 2024"]
[Source "ChessBase"]
[SourceDate "2023.10.10"]
[SourceVersion "1"]
[SourceVersionDate "2023.10.10"]
[SourceQuality "1"]

1. Nf3 Nf6 2. g3 c5 3. Bg2 Nc6 4. 0-0 e6 5. c4 Be7 6. d4 cxd4 7. Nxd4 0-0 8. Nc3 Ne5 9. b3 d6 10. Bb2 a6 11. Qd2 Qc7 12. Rac1 Rb8 13. f4 Ng6 14. e4 Re8 15. h3 Bf8 16. Kh2 b6 17. Nd5 exd5 18. cxd5 Qb7 19. Rfe1 Bd7 20. Nc6 Bxc6 21. dxc6 Qc7 22. e5 dxe5 23. fxe5 Rbd8 24. Qe2 Nd5 25. Qxa6 Nb4 26. Qb7 Qxb7 27. cxb7 Nd3 28. Ba1 Nxc1 29. Rxc1 Bc5 30. b4 Bxb4 31. e6 Bc5 32. exf7+ Kxf7 33. Rf1+ Kg8 34. Kh1 Ne5 35. Bd5+ Rxd5 36. Re1 Rdd8 37. Rxe5 Rxe5 38. Bxe5 1-0

[Event "Titled Tuesday intern op 25th Jul Early"]
[Site "Chess.com INT"]
[Date "2023.07.25"]
[Round "9"]
[White "Dvirnyy, Danyyil"]
[Black "Xiong, Jeffery"]
[Result "1/2-1/2"]
[WhiteElo "2521"]
[BlackElo "2693"]
[PlyCount "122"]
[EventDate "2023.07.25"]
[EventType "swiss (blitz)"]
[EventRounds "11"]
[EventCountry "USA"]
[SourceTitle "EXT 2024"]
[Source "ChessBase"]
[SourceDate "2023.10.10"]
[SourceVersion "1"]
[SourceVersionDate "2023.10.10"]
[SourceQuality "1"]

1. Nf3 c5 2. g3 Nc6 3. Bg2 g6 4. 0-0 Bg7 5. c4 d6 6. Nc3 e6 7. Rb1 Nge7 8. a3 0-0 9. b4 b6 10. Qa4 Bb7 11. Bb2 Qd7 12. e3 Rfd8 13. Ne2 Bxb2 14. Rxb2 Nd4 15. Qxd7 Nxe2+ 16. Kh1 Rxd7 17. Re1 Nxg3+ 18. hxg3 Rc8 19. d3 d5 20. Ne5 Rdc7 21. bxc5 Rxc5 22. Reb1 R5c7 23. cxd5 Bxd5 24. a4 f6 25. Ng4 Kg7 26. e4 Ba8 27. a5 bxa5 28. Ra2 Rc1+ 29. Rxc1 Rxc1+ 30. Kh2 Nc6 31. e5 fxe5 32. Nxe5 Nxe5 33. Bxa8 Nxd3 34. Be4 Nc5 35. Bc6 Nb3 36. Ba4 Nd4 37. Kg2 Kf6 38. Rb2 Rc4 39. Bd1 Rb4 40. Ra2 Rb5 41. f4 e5 42. Kf2 exf4 43. gxf4 h5 44. Ke3 Nf5+ 45. Kf2 Rb4 46. Rxa5 Rxf4+ 47. Kg1 Rd4 48. Ba4 Rb4 49. Rxa7 Rb1+ 50. Kf2 Ra1 51. Ra6+ Kg5 52. Bb5 Rxa6 53. Bxa6 Kf4 54. Bb5 g5 55. Be8 h4 56. Kg2 g4 57. Bc6 h3+ 58. Kh2 Nd4 59. Bd7 Nf3+ 60. Kh1 Kg3 61. Bxg4 Kxg4 1/2-1/2

[Event "Titled Tuesday intern op 25th Jul Early"]
[Site "Chess.com INT"]
[Date "2023.07.25"]
[Round "4"]
[White "Garakov, Mikhael"]
[Black "Dvirnyy, Danyyil"]
[Result "0-1"]
[WhiteElo "2447"]
[BlackElo "2521"]
[PlyCount "64"]
[EventDate "2023.07.25"]
[EventType "swiss (blitz)"]
[EventRounds "11"]
[EventCountry "USA"]
[SourceTitle "EXT 2024"]
[Source "ChessBase"]
[SourceDate "2023.10.10"]
[SourceVersion "1"]
[SourceVersionDate "2023.10.10"]
[SourceQuality "1"]

1. e4 d6 2. d4 Nf6 3. Nc3 e5 4. Nge2 Be7 5. g3 c6 6. a4 exd4 7. Nxd4 d5 8. e5 Ng4 9. f4 0-0 10. h3 Nh6 11. Bg2 f6 12. 0-0 fxe5 13. fxe5 Na6 14. Bxh6 gxh6 15. Kh2 Nc5 16. Qh5 Kg7 17. Rxf8 Bxf8 18. Rf1 Kh8 19. Qf7 Bg7 20. e6 Qg8 21. e7 Bd7 22. Qxg8+ Rxg8 23. Nf5 Bxf5 24. Rxf5 Re8 25. Nxd5 cxd5 26. Rxd5 Ne6 27. Rd7 Bf6 28. Rxb7 Rxe7 29. Rb8+ Kg7 30. h4 h5 31. Bd5 Be5 32. c3 Bxb8 0-1

[Event "Titled Tuesday intern op 25th Jul Early"]
[Site "Chess.com INT"]
[Date "2023.07.25"]
[Round "11"]
[White "Sipila, Vilka"]
[Black "Dvirnyy, Danyyil"]
[Result "0-1"]
[WhiteElo "2436"]
[BlackElo "2521"]
[PlyCount "68"]
[EventDate "2023.07.25"]
[EventType "swiss (blitz)"]
[EventRounds "11"]
[EventCountry "USA"]
[SourceTitle "EXT 2024"]
[Source "ChessBase"]
[SourceDate "2023.10.10"]
[SourceVersion "1"]
[SourceVersionDate "2023.10.10"]
[SourceQuality "1"]

1. Nf3 g6 2. d4 Nf6 3. Nc3 d5 4. g3 Bg7 5. Bg2 0-0 6. 0-0 c6 7. Bf4 a5 8. Qd2 a4 9. Rad1 Nbd7 10. Ne5 Nxe5 11. dxe5 Ng4 12. e4 d4 13. Ne2 c5 14. c3 Nxe5 15. cxd4 cxd4 16. Nxd4 Bg4 17. f3 Qb6 18. fxg4 Rad8 19. Be3 Nc4 20. Nf5 gxf5 21. Bxb6 Rxd2 22. Rxd2 Nxd2 23. Rxf5 Bxb2 24. Rb5 Bc3 25. Bc5 Rc8 26. Bxe7 Bd4+ 27. Kh1 Rc1+ 28. Bf1 Rxf1+ 29. Kg2 Rf2+ 30. Kh3 Nf3 31. g5 Rxh2+ 32. Kg4 Ne5+ 33. Rxe5 Bxe5 34. a3 Rf2 0-1

[Event "POR-chT"]
[Site "Sao Joao da Madeira"]
[Date "2023.07.20"]
[Round "6.4"]
[White "Korneev, Oleg"]
[Black "Dvirnyy, Danyyil"]
[Result "1-0"]
[WhiteElo "2474"]
[BlackElo "2521"]
[PlyCount "107"]
[EventDate "2023.07.17"]
[EventType "team-tourn"]
[EventRounds "9"]
[EventCountry "POR"]
[SourceTitle "CBM 215 Extra"]
[Source "ChessBase"]
[SourceDate "2023.09.30"]
[SourceVersion "1"]
[SourceVersionDate "2023.09.30"]
[SourceQuality "1"]
[WhiteTeam "EPGaia"]
[BlackTeam "Estrelas S Joao de Brito"]
[WhiteTeamCountry "POR"]
[BlackTeamCountry "POR"]

1. e4 e5 2. Nf3 Nc6 3. Bb5 Nf6 4. 0-0 Nxe4 5. d4 Nd6 6. Bxc6 dxc6 7. dxe5 Nf5 8. Qxd8+ Kxd8 9. Rd1+ Ke8 10. Nc3 Be7 11. h3 Nh4 12. Nxh4 Bxh4 13. Be3 Be7 14. Ne2 Bd7 15. g4 h5 16. f3 hxg4 17. hxg4 f5 18. exf6 gxf6 19. Rd2 Rg8 20. Kf2 Rd8 21. Rh1 Bc8 22. Rxd8+ Kxd8 23. Ng3 Be6 24. a3 c5 25. Ne4 f5 26. gxf5 Bxf5 27. Bxc5 Bxc5+ 28. Nxc5 b6 29. Ne4 Ke7 30. Rg1 Bg6 31. Ke3 Kf7 32. Ng5+ Kf6 33. Ne4+ Kf7 34. Rh1 Rd8 35. Rh2 Rf8 36. b4 a5 37. bxa5 Ra8 38. Rd2 Rxa5 39. Rd7+ Ke6 40. Rxc7 Rxa3+ 41. c3 Bxe4 42. Kxe4 Kd6 43. Rc8 b5 44. f4 Kd7 45. Rc5 Kd6 46. Rxb5 Rxc3 47. Re5 Rc8 48. Kf3 Rf8 49. Re1 Kd7 50. Kg4 Rg8+ 51. Kh5 Rf8 52. Kg5 Rg8+ 53. Kh6 Rf8 54. Re4 1-0

[Event "Titled Tuesday intern op 04th Jul Early"]
[Site "Chess.com INT"]
[Date "2023.07.04"]
[Round "1"]
[White "Dvirnyy, Danyyil"]
[Black "Ai, Evan Zihao"]
[Result "1-0"]
[WhiteElo "2521"]
[BlackElo "2159"]
[PlyCount "81"]
[EventDate "2023.07.04"]
[EventType "swiss (blitz)"]
[EventRounds "11"]
[EventCountry "USA"]
[SourceTitle "EXT 2024"]
[Source "ChessBase"]
[SourceDate "2023.10.10"]
[SourceVersion "1"]
[SourceVersionDate "2023.10.10"]
[SourceQuality "1"]

1. e4 e5 2. Nf3 Nc6 3. Nc3 Nf6 4. g3 Bc5 5. Bg2 d6 6. d3 a6 7. 0-0 h6 8. Be3 Bxe3 9. fxe3 Be6 10. Nh4 Qd7 11. Nf5 Bxf5 12. Rxf5 Ne7 13. Rf1 h5 14. h3 0-0-0 15. a4 Kb8 16. a5 d5 17. exd5 Nexd5 18. Nxd5 Nxd5 19. Qf3 f6 20. c4 c6 21. cxd5 cxd5 22. Rfc1 d4 23. exd4 Qxd4+ 24. Kh2 Rd7 25. Rc3 h4 26. g4 Re8 27. Rb3 e4 28. Qf4+ Re5 29. Bxe4 Rc7 30. Rc1 g5 31. Qf1 Rxc1 32. Qxc1 Qf2+ 33. Kh1 Rc5 34. Rxb7+ Kc8 35. Qg1 Qc2 36. Rb6 Rc7 37. Rxf6 Qxb2 38. Rf8+ Kd7 39. Rf7+ Kd6 40. Rxc7 Kxc7 41. Qh2+ 1-0

[Event "Titled Tuesday intern op 04th Jul Early"]
[Site "Chess.com INT"]
[Date "2023.07.04"]
[Round "7"]
[White "Martinez Lopez, David"]
[Black "Dvirnyy, Danyyil"]
[Result "0-1"]
[WhiteElo "2386"]
[BlackElo "2521"]
[PlyCount "106"]
[EventDate "2023.07.04"]
[EventType "swiss (blitz)"]
[EventRounds "11"]
[EventCountry "USA"]
[SourceTitle "EXT 2024"]
[Source "ChessBase"]
[SourceDate "2023.10.10"]
[SourceVersion "1"]
[SourceVersionDate "2023.10.10"]
[SourceQuality "1"]

1. e4 d6 2. d4 Nf6 3. Nc3 e5 4. Nf3 Nbd7 5. Bc4 Be7 6. 0-0 0-0 7. a4 c6 8. Ba2 h6 9. Re1 Re8 10. h3 Bf8 11. dxe5 dxe5 12. Qe2 Bc5 13. Be3 Qa5 14. Qc4 Re7 15. Rad1 Bxe3 16. Rxe3 Nf8 17. b4 Qc7 18. Qc5 b6 19. Qd6 Qxd6 20. Rxd6 Bd7 21. Red3 Rc8 22. Bc4 Ne8 23. Ba6 Nxd6 24. Rxd6 Rc7 25. Ne2 Bc8 26. Bxc8 Rxc8 27. Rd3 f6 28. Ng3 Rd7 29. Rc3 Ne6 30. Kf1 Kf7 31. Nf5 h5 32. Ne3 Nd4 33. Nh4 g6 34. g3 Rcd8 35. Kg2 Rc8 36. Kf1 Rdc7 37. Kg2 Ra8 38. Nd5 Rcc8 39. Ne3 a5 40. bxa5 b5 41. axb5 cxb5 42. Rd3 Rxa5 43. c3 Ra3 44. Nd5 Ne2 45. Nb6 Rc7 46. Rd6 Nxc3 47. g4 hxg4 48. hxg4 Nxe4 49. Rd8 Ra2 50. Kf3 Rc3+ 51. Kxe4 Re2+ 52. Kd5 Rd2+ 53. Ke4 Rxd8 0-1